| 000 | 01268naa a2200313 c 4500 | ||
|---|---|---|---|
| 001 | 40369 | ||
| 003 | ES-MaCES | ||
| 005 | 20150929135601.0 | ||
| 008 | 100611n2010 sp d t 000 | spa d | ||
| 035 | _aCES20100007074v | ||
| 040 |
_aES-MaCES _bspa _cES-MaCES |
||
| 100 | 1 |
_aVicente Palacio, María Arántzazu _925798 |
|
| 245 | 1 | 0 |
_aEspaña, primer país comunitario en ratificar el Convenio de Trabajo Marítimo, 2006 un breve apunte de una paradoja _b: la importancia de la ratificación y algunas consecuencias y la irrelevancia de la misma para su aplicación _cArántzazu Vicente Palacio |
| 500 | _aResumen | ||
| 650 | 4 |
_aEspaña _926964 |
|
| 650 | 4 |
_apolítica comunitaria _930776 |
|
| 650 | 4 |
_adatos estadísticos _930765 |
|
| 650 | 4 |
_aderechos de los trabajadores _929924 |
|
| 650 | 4 |
_acondiciones de trabajo _928327 |
|
| 650 | 4 |
_atrabajador de la pesca _928434 |
|
| 650 | 4 |
_adesarrollo de la industria pesquera _927609 |
|
| 650 | 4 |
_aderecho marítimo _927167 |
|
| 653 | 1 | 0 | _aRelaciones laborales-Empleo |
| 650 | 4 |
_926752 _aUE |
|
| 773 | 0 |
_tTribuna social _gn. 233 (mayo 2010){10448 R. 076956}; p. 18-24 _w(ES-MaCES)25455 _959587 |
|
| 902 | _aART Artículo de revista | ||
| 942 |
_2CES _cAR _h2.0. |
||
| 999 |
_c40369 _d40369 |
||